000
00311nam a22001457a 4500
008
230322b ||||| |||| 00| 0 eng d
020
_a
0060727853
041
_a
eng
080
_a
159.9
082
_a
159.9ALL
100
_a
25
101
_a
PSI
245
_a
GREAT SHORT WORKS
_c
EDGAR A P
942
_2
udc
_c
BK
999
_c
59423
_d
59423